|
|
|
|
| LEADER |
01610nam a2200421Ia 4500 |
| 001 |
EBC3572075 |
| 003 |
MiAaPQ |
| 005 |
20200520144314.0 |
| 006 |
m o d | |
| 007 |
cr cn||||||||| |
| 008 |
090428s2009 ne ab sb 000 0 eng d |
| 020 |
|
|
|z 9086860680
|
| 020 |
|
|
|z 9789086860685
|
| 020 |
|
|
|z 9789086866564
|
| 035 |
|
|
|a (MiAaPQ)EBC3572075
|
| 035 |
|
|
|a (Au-PeEL)EBL3572075
|
| 035 |
|
|
|a (CaPaEBR)ebr10686828
|
| 035 |
|
|
|a (OCoLC)932327410
|
| 040 |
|
|
|a MiAaPQ
|c MiAaPQ
|d MiAaPQ
|
| 050 |
|
4 |
|a SF140.L65
|b A556 2009
|
| 082 |
0 |
4 |
|a 636
|2 23
|
| 245 |
0 |
0 |
|a Animal production and animal science worldwide
|h [electronic resource] :
|b a review on developments and research in livestock systems /
|c edited by A. Rosati, A. Tewolde and C. Mosconi.
|
| 260 |
|
|
|a Wageningen, The Netherlands :
|b Wageningen Academic,
|c 2009.
|
| 300 |
|
|
|a 264 p. :
|b ill., maps.
|
| 490 |
1 |
|
|a WAAP book of the year,
|x 1574-1125 ;
|v 2007
|
| 500 |
|
|
|a Publication presented by the World Association for Animal Production.
|
| 504 |
|
|
|a Includes bibliographical references.
|
| 533 |
|
|
|a Electronic reproduction. Ann Arbor, MI : ProQuest, 2016. Available via World Wide Web. Access may be limited to ProQuest affiliated libraries.
|
| 650 |
|
0 |
|a Animal industry.
|
| 650 |
|
0 |
|a Livestock.
|
| 650 |
|
0 |
|a Animal culture.
|
| 655 |
|
4 |
|a Electronic books.
|
| 700 |
1 |
|
|a Rosati, Andrea.
|
| 700 |
1 |
|
|a Tewolde, Assefaw.
|
| 700 |
1 |
|
|a Mosconi, C.
|
| 710 |
2 |
|
|a ProQuest (Firm)
|
| 830 |
|
0 |
|a WAAP book of the year ;
|v 2007.
|
| 856 |
4 |
0 |
|u https://ebookcentral.proquest.com/lib/matrademy/detail.action?docID=3572075
|z Click to View
|